000 01463nam a2200361 a 4500
001 ebr10369638
003 CaPaEBR
006 m u
007 cr cn|||||||||
008 950112s1995 enka sb 001 0 eng d
010 _z 95067019
020 _z0803988125 (hardback)
020 _z0803988133 (pbk.)
020 _z9780803988125
020 _z9781848609655 (e-book)
040 _aCaPaEBR
_cCaPaEBR
035 _a(OCoLC)607933673
050 1 4 _aGV14.45
_b.R655 1995eb
082 0 4 _a790/.01/35
_220
100 1 _aRojek, Chris.
245 1 0 _aDecentring leisure
_h[electronic resource] :
_brethinking leisure theory /
_cChris Rojek.
260 _aLondon ;
_aThousand Oaks, Calif. :
_bSage Publications,
_c1995.
300 _a215 p. :
_bill.
490 1 _aTheory, culture & society
504 _aIncludes bibliographical references (p. [201]-211) and indexes.
505 0 _apt. 1. Capitalism and leisure -- pt. 2. Modernity and leisure -- pt. 3. Postmodernism and leisure.
533 _aElectronic reproduction.
_bPalo Alto, Calif. :
_cebrary,
_d2013.
_nAvailable via World Wide Web.
_nAccess may be limited to ebrary affiliated libraries.
650 0 _aLeisure
_xSocial aspects.
655 7 _aElectronic books.
_2local
710 2 _aebrary, Inc.
830 0 _aTheory, culture & society (Unnumbered)
856 4 0 _uhttp://site.ebrary.com/lib/rucke/Doc?id=10369638
_zAn electronic book accessible through the World Wide Web; click to view
999 _c213900
_d213900